| 000 | 00378nam a22001697a 4500 | ||
|---|---|---|---|
| 003 | NUST | ||
| 020 | _a93-82226-89-5 | ||
| 038 | _aKhadija | ||
| 082 |
_a658.5 _bBLU |
||
| 100 |
_aBlume Allende _985167 |
||
| 245 | _aIndustrial Development | ||
| 260 |
_aNew Delhi _bRandom Export _c2013. |
||
| 300 |
_a288 p. ; _b24cm |
||
| 500 | _aHardcover. | ||
| 563 | _aHB | ||
| 942 |
_cBK _2ddc |
||
| 999 |
_c33346 _d33346 |
||